000 00286nam a2200109Ia 4500
008 220204s9999 xx 000 0 und d
082 _a332.64635
_bYOR
100 _aYORKE, David
245 0 _aLandscape and garden contracting
260 _aLondon
_bArchitectural Press
_c1976
942 _cBK
999 _c24447
_d24447